Špecifika spotrebiteľského správania mladej generácie bakalárska práca

Enregistré dans:
Détails bibliographiques
Auteur principal: Pálenkár, Tomáš
Collectivité auteur: Obchodná fakulta EU. Katedra marketingu
Autres auteurs: Karimov, Sherzod
Format: Livre
Langue:slovaque
Publié: Bratislava 2015
Tags: Ajouter un tag
Pas de tags, Soyez le premier à ajouter un tag!

MARC

LEADER 00000nbm a2200000 4500
001 0206510
005 20161212105542.0
041 0 |a slo 
044 |a SK 
245 1 0 |a Špecifika spotrebiteľského správania mladej generácie  |b bakalárska práca  |c Tomáš Pálenkár ; školiteľ: Sherzod Karimov 
264 1 |a Bratislava  |c 2015 
300 |a 40 s. 
100 1 |a Pálenkár, Tomáš 
700 1 |a Karimov, Sherzod 
710 2 |a Obchodná fakulta EU. Katedra marketingu